Friends - Liste des épisodes - Statistiques

Statistiques générales
  • Ce quiz a été pris 1 174 fois
  • Le résultat moyen est 82 sur 226
Statistiques - réponses
Saison Episode Episode Name % Correct
1 9 Celui qui parle au ventre de sa {femme}
80%
4 1 Celui qui soignait les {piqûres} de méduses
77%
1 21 Celui qui avait un {singe}
76%
2 12, 13 Celui qui retrouve son {singe}
76%
1 10 Celui qui {singeait}
76%
7 12 Celui qui a passé la {nuit} debout
75%
6 6 Ceux qui passaient leur dernière {nuit}
75%
2 6 Celui qui a oublié un bébé dans le {bus}
74%
9 1 Celui qui n'avait demandé personne en {mariage}
74%
7 2 Celui qui réglait le {mariage}
74%
1 16, 17 Celui qui devient {papa}
72%
6 5 Celui qui avait une {belle} bagnole
71%
2 3 Celui qui est {mort} dans l'appart du dessous
71%
2 16 Celui qui vit sa {vie}
71%
10 9 Ceux qui rencontraient la {mère} biologique
71%
2 14 Celui qui a failli aller au bal de {promo}
70%
3 8 Celui qui avait pris un coup sur la {tete}
70%
1 19 Celui qui a {perdu} son singe
69%
1 2 Celui qui est {perdu}
69%
6 10 Celui qui souhaitait la {bonne} année
68%
7 17 Celui qui voyait la {robe} de mariée
68%
4 5 Celui qui avait une nouvelle {copine}
67%
6 24, 25 Celui qui faisait sa {demande}
67%
4 23, 24 Celui qui se {marie}
67%
7 14 Ceux qui avaient {trente} ans
67%
2 15 Celui qui a fait on ne sait quoi avec {Rachel}
66%
2 2 Celui qui détestait le lait {maternel}
65%
1 15 Celui qui pète les {plombs}
65%
2 17 Celui qui remplace celui qui {part}
64%
3 1 Celui qui rêvait de la princesse {Leia}
64%
2 7 Celui qui tombe des {nues}
64%
7 23, 24 Celui qui a {épousé} Monica
63%
8 4 Celui qui avait une {vidéo}
63%
10 12 Celui qui jouait le rôle du {père}
63%
8 21 Celui qui passait un {entretien} d'embauche
63%
6 21 Celui qui rencontrait le {père}
63%
8 15 Celui qui visionnait la {vidéo} de l'accouchement
63%
6 8 Celui qui avait les {dents} blanches
62%
9 20 Celui qui allait à une {soirée} privée
60%
8 2 Celui qui avait un sweat {rouge}
60%
2 24 Celui qui embrassait {mal}
60%
8 12 Celui qui passait une {soirée} avec Rachel
60%
6 11 Celui qui avait le derrière entre deux {chaises}
59%
4 17 Celui qui avait la chaîne {porno}
58%
2 4 Celui qui avait viré de {bord}
58%
5 23, 24 Celui qui était à {Las} {Vegas}
58%
5 4 Celui qui {accepte} l'inacceptable
57%
6 3 Celui qui était de {mauvaise} foi
57%
8 1 Celui qui venait de dire {oui}
57%
8 3 Celui qui découvrait sa {paternité}
56%
6 14 Celui qui ne pouvait pas {pleurer}
56%
1 14 Celui qui avait un coeur d'{artichaut}
55%
7 7 Celui qui avait un {livre} à la bibliothèque
55%
8 11 Celui qui ne voulait pas aller plus {loin}
55%
8 20 Celui qui animait un {jeu} stupide
54%
5 10 Celui qui avait une {sœur} un peu spéciale
54%
8 10 Celui qui défendait sa {sœur}
54%
9 7 Celui qui faisait {rire} sa fille
54%
6 13 Celui qui sortait avec la {sœur}
54%
4 7 Celui qui poussait le {bouchon}
53%
3 15 Celui qui vivait mal la {rupture}
53%
3 25 Celui qui allait à la {plage}
52%
5 1 Celui qui avait {dit} Rachel
52%
5 11 Celui qui prenait de bonnes {résolutions}
52%
10 4 Celui qui transformait le {gâteau} d'anniversaire
52%
8 17 Celui qui voyait dans les feuilles de {thé}
52%
8 23, 24 Celui qui avait un {bébé}
50%
5 16 Celui qui enviait ses {amis}
50%
9 11 Celui qui ne voulait plus de {bébé}
50%
10 2 Celui qui allait très {bien}
49%
6 7 Celui qui avait une {jolie} colocataire
49%
1 11 Celui qui était comme les {autres}
48%
9 16 Celui qui prêtait de l'{argent}
47%
8 14 Celui qui découvrait le placard {secret}
46%
1 5 Celui qui lave plus {blanc}
46%
6 23 Celui qui {achetait} la bague
45%
1 18 Celui qui gagnait au {poker}
45%
9 9 Celui qui n'osait pas dire la {vérité}
45%
6 15, 16 Ce qui aurait pu se {passer}
45%
1 23 Celui qui a failli rater l'{accouchement}
44%
2 23 Celui qui attrape la {varicelle}
44%
1 1 Celui qui {déménage}
44%
3 7 Celui qui était prof et {élève}
44%
9 18 Celui qui voulait gagner à la {loterie}
44%
3 17 Celui qui était laissé pour {compte}
43%
4 12 Celui qui gagnait les {paris}
43%
3 13 Celui qui persiste et {signe}
43%
10 17, 18 Ceux qui s'en {allaient}
43%
4 2 Celui qui ne voyait qu'un {chat}
42%
9 14 Celui qui se faisait poser un {lapin}
42%
3 9 Celui pour qui le {foot} c'est pas le pied
41%
9 10 Celui qui passait Noël à {Tulsa}
41%
8 9 Celui qui avait fait courir la {rumeur}
40%
2 18 Celui qui disparaît de la {série}
40%
1 24 Celui qui fait {craquer} Rachel
40%
6 12 Celui qui inventait des {histoires}
40%
1 22 Celui qui rêve par {procuration}
40%
3 3 Celui qui avait la technique du {calin}
39%
8 16 Celui qui {avouait} tout à Rachel
39%
5 22 Celui qui devait casser la {baraque}
39%
5 2 Celui qui {embrassait}
39%
5 9 Celui qui s'était fait piquer son {sandwich}
39%
5 20 Celui qui sauvait des {vies}
37%
6 1 Ceux qui {revenaient} de Las Vegas
37%
3 20 Celui qui courait deux {lièvres}
36%
7 16 Celui qui savait la vérité sur {Londres}
36%
4 22 Celui qui était le pire {témoin} du monde
35%
4 9 Celui qui savait faire la {fête}
35%
5 14 Celui qui découvre {tout}
34%
3 11 Celui qui ne s'y {retrouvait} plus
34%
3 24 Celui qui voulait être {ultime} champion
34%
6 17 Celui qui avait l'{Unagi}
33%
3 23 Celui qui avait un {truc} dans le dos
33%
1 13 Celui qui fait des descentes dans les {douches}
33%
4 20 Celui qui va se {marier}
33%
9 23, 24 Celui qui allait à la {Barbade}
32%
10 7 Celui qui bluffait l'assistante {sociale}
32%
7 1 Celui qui croyait faire {jeune}
32%
10 15 Celui qui faisait tout pour {retenir} Rachel
32%
4 21 Celui qui envoie l'{invitation}
31%
7 21 Celui qui écrivait ses {vœux}
30%
7 9 Celui qui offrait un {vélo}
30%
8 5 Celui qui {draguait} Rachel
29%
8 8 Celui qui {engageait} une strip-teaseuse
29%
5 6 Celui qui a du mal à se {taire}
28%
3 16 Celui qui a survécu au {lendemain}
28%
4 6 Celui qui fréquentait une {souillon}
28%
7 22 Celui qui rencontrait l'{auteur} de ses jours
28%
6 18 Celui qui sortait avec une {étudiante}
28%
4 4 Celui qui apprenait à {danser}
27%
1 20 Celui qui a un dentiste {carié}
27%
10 5 Celui qui écrivait une lettre de {recommandation}
27%
4 19 Celui qui faisait de grands {projets}
27%
10 16 Celui qui n'aimait pas les {adieux}
27%
7 8 Celui qui n'aimait pas les {chiens}
27%
5 12 Celui qui {riait} différemment
26%
10 11 Celui qui trahissait le {pacte}
26%
9 3 Celui qui allait chez le {pédiatre}
25%
8 13 Celui qui découvrait les joies du {bain}
25%
2 11 Celui qui n'apprécie pas certains {mariages}
25%
2 19 Celui qui ne voulait pas {partir}
25%
2 5 Celui qui se faisait passer pour {Bob}
25%
8 7 Celui qui voulait {garder} Rachel
25%
2 1 Celui qui a une nouvelle {fiancée}
24%
3 19 Celui qui avait un {tee-shirt} trop petit
24%
7 13 Celui qui a vu mourir {Rosita}
24%
6 4 Celui qui perdait sa belle {assurance}
23%
10 8 Celui qui ratait {Thanksgiving}
23%
2 21 Celui qui affronte les {voyous}
22%
1 3 Celui qui a un {role}
22%
7 19 Celui qui avait une jolie {cousine}
22%
5 13 Celui qui avait un {sac}
22%
4 14 Celui qui n'avait pas le {moral}
22%
4 11 Celui qui posait une question {embarrassante}
22%
7 4 Celui qui retrouvait son {rôle}
22%
2 20 Celui qui se met à {parler}
22%
1 12 Celui qui aimait les {lasagnes}
21%
5 8 Celui qui avait des {souvenirs} difficiles à avaler
21%
4 10 Celui qui {draguait} au large
21%
10 14 Celui qui n'aimait pas la {maison}
21%
3 2 Celui qui a du mal à se {préparer}
20%
2 9 Celui qui cassait les {radiateurs}
20%
9 4 Celui qui regardait des {requins}
20%
4 13 Celui qui se {gourait} du tout au tout
20%
3 18 Celui qui s'auto-{hypnotisait}
19%
6 22 Celui qui se la jouait {grave}
19%
1 4 Celui avec {George}
18%
1 7 Celui qui a du {jus}
18%
9 21 Celui qui faisait un test de {fécondité}
18%
5 21 Celui qui jouait à la {balle}
18%
4 15 Celui qui jouait au {rugby}
18%
4 16 Celui qui participait à une fête {bidon}
18%
5 7 Celui qui {emménage}
17%
7 20 Celui qui fantasmait sur le {baiser}
17%
9 19 Celui qui piquait dans les {hôtels}
17%
3 14 Celui que les {prothèses} ne gênaient pas
16%
2 8 Celui qui a été très {maladroit}
16%
6 20 Celui qui avait une {audition}
16%
4 8 Celui qui était dans la {caisse}
16%
9 6 Celui qui était le plus {drôle}
16%
9 2 Celui qui acceptait sa {mutation}
15%
9 22 Celui qui avait besoin d'un {donneur}
15%
6 19 Celui qui avait des problèmes de {frigo}
15%
3 4 Celui qui ne supportait pas les {poupees}
15%
5 3 Celui qui a des {triplés}
14%
7 6 Celui qui aimait les petites {siestes}
14%
10 3 Celui qui avait décidé de {bronzer}
14%
7 15 Celui qui avait un {cerveau} neuf
14%
3 21 Celui qui avait un {poussin}
14%
6 2 Celui qui {console} Rachel
14%
1 6 Celui qui est {verni}
14%
8 22 Celui qui assistait à la {première}
13%
4 18 Celui qui cherche un {prénom}
13%
3 12 Celui qui était très {jaloux}
13%
3 10 Celui qui fait {démissionner} Rachel
13%
10 1 Celui qui n'arrivait pas à se {confier}
13%
8 6 Celui qui perturbait {Halloween}
13%
7 11 Celui qui aimait les {cheesecakes}
12%
9 12 Celui qui défendait sa {nounou}
12%
3 6 Celui qui se {souvient}
12%
10 6 Celui qui a failli avoir la {subvention}
11%
9 5 Celui qui avait {fumé}
11%
1 8 Celui qui {hallucine}
11%
5 15 Celui qui prenait des {coups}
11%
5 5 Celui qui rate son {week-end}
11%
7 3 Celui qui s'était mal {assis}
10%
4 3 Celui qui avait des {menottes}
9%
7 5 Celui qui avait toujours l'air {bizarre}
9%
3 5 Celui qui {bricolait}
9%
2 22 Celui qui faisait le {lien}
9%
3 22 Celui qui s'{énervait}
9%
9 17 Celui qui envoyait des {emails}
8%
7 18 Celui qui récupérait le {prix}
8%
5 17 Celui qui ne savait pas se {repérer}
7%
2 10 Celui qui se {dédouble}
7%
7 10 Celui qui se {déguisait}
6%
10 13 Celui qui {baragouinait}
5%
8 18 Celui qui était trop {positif}
5%
5 19 Celui qui ne savait pas {flirter}
5%
9 15 Celui qui se faisait {agresser}
5%
9 13 Celui qui se faisait {épiler}
5%
6 9 Celui qui s'était {drogué}
5%
5 18 Celui qui se {sacrifiait}
4%
10 10 Celui qui se faisait {coincer}
3%
8 19 Celui qui se faisait {interviewer}
3%
9 8 Celui qui était {vexé}
2%
Aucun quiz correspondant
Distribution des résultats
% des personnes avec chaque résultat
Percentile par nombre de réponses
Votre historique - résultats
Vous n’avez pas pris ce quiz